Do kogo lub czego mówimy, gdy w pobliżu nie ma innych osób? - Statystyki

Ogólne statystyki
  • Ten quiz został rozwiązany 7 razy
  • Średni wynik to 3 z 6
Statystyki odpowiedzi
Hint Odpowiedź % Poprawnych
3. siebie
100%
1. telefonu
67%
2. zwierząt
50%
5. lustra
33%
4. operatora kamery
17%
6. krótkofalówki
0%
Nie znaleziono quizów pasujących do podanych kryteriów
Rozkład punktacji
Procent ludzi z każdym wynikiem
Percentyl według liczby udzielonych odpowiedzi
Twoja historia wyników
Nie rozwiązałeś tego quizu